Personnel management (Record no. 201495)

MARC details
000 -LEADER
fixed length control field 00370nam a2200157Ia 4500
008 - FIXED-LENGTH DATA ELEMENTS--GENERAL INFORMATION
fixed length control field 230917s9999||||xx |||||||||||||| ||und||
020 ## - ISBN
Price RS24
040 ## - CATALOGING SOURCE
-- 23893
Original cataloging agency VIVEKANANDA LIBRARY
041 ## - Language
-- English
082 ## - DDC NUMBER
Classification number 658.3 M742P
100 ## - MAIN ENTRY--PERSONAL NAME
Personal name Monappa, Arun
245 #0 - TITLE STATEMENT
Title Personnel management
260 ## - PUBLICATION, DISTRIBUTION, ETC. (IMPRINT)
Place of publication, distribution, etc New Delhi
Name of publisher, distributor, etc Tata McGraw-Hill
Date of publication, distribution, etc 1979
300 ## - PHYSICAL DESCRIPTION
Pages 327 p.
942 ## - ADDED ENTRY ELEMENTS (KOHA)
Koha item type Books
Holdings
Withdrawn status Lost status Damaged status Not for loan Location (home branch) Sublocation or collection (holding branch) Date acquired Koha issues (times borrowed) Koha full call number Accession No. Koha date last seen Koha item type
        VIVEKANANDA LIBRARY VIVEKANANDA LIBRARY 08/08/2002   658.3 M742P 60701 17/09/2023 Books
© Designed and Maintained by Vivekananda Library, MDU Rohtak